Countries by Borders - Statistics

General Stats
  • This quiz has been taken 39 times
  • The average score is 11 of 12
Answer Stats
Borders Answer % Correct
Belgium, Germany Netherlands
100%
Portugal, Andorra, France, Morocco Spain
100%
Russia, Latvia Estonia
97%
Israel, Libya, Sudan Egypt
94%
Suriname, Venezuela, Brazil Guyana
94%
Peru, Bolivia, Argentina Chile
91%
Dominican Republic Haiti
91%
Israel, Syria Lebanon
91%
Malaysia, Myanmar, Laos, Cambodia Thailand
88%
Costa Rica, Honduras Nicaragua
82%
Kenya, Ethiopia, Djibouti Somalia
79%
Senegal, Guinea Guinea-Bissau
73%
No matching quizzes found
Score Distribution
Percent of People with Each Score
Percentile by Number Answered
Your Score History
You have not taken this quiz